Największe stolice świata A-Z - Statystyki

Ogólne statystyki
  • Ten quiz został rozwiązany 165 razy
  • Średni wynik to 10 z 25
Statystyki odpowiedzi
Litera: Stolica: Liczba mieszkańców: % Poprawnych
T Tokio 37,5 mil.
81%
P Pekin 20,2 mil.
76%
N Nowe Delhi 28,5 mil.
64%
M Meksyk 21,6 mil.
56%
K Kair 23,1 mil.
55%
A Ankara 5,05 mil.
53%
B Buenos Aires 14,9 mil.
53%
Q Quito 1,6 mil.
52%
S Seul 9,7 mil.
49%
O Ottawa 994 tys.
48%
I Islamabad 1,015 mil.
44%
H Hanoi 8,054 mil.
39%
Z Zagrzeb 806 tys.
39%
E Erywań 1,1 mil.
36%
U Ułan Bator 1,4 mil.
36%
D Dhaka 19,6 mil.
34%
L Lima 9,8 mil.
32%
Y Yaren około 1 tys.
30%
J Jerozolima 874 186 tys.
29%
V Valletta 6,5 tys.
28%
R Rijad 5,188 mil.
27%
W Wiedeń 1,8 mil.
26%
F Freetown 853 tys.
21%
C Chartum 2,08 mil.
19%
G Gwatemala 923 tys.
14%
Nie znaleziono quizów pasujących do podanych kryteriów
Rozkład punktacji
Procent ludzi z każdym wynikiem
Percentyl według liczby udzielonych odpowiedzi
Twoja historia wyników
Nie rozwiązałeś tego quizu